Normal view
MARC view
- Sahar, Ahmad, Craig Clayton
Entry Personal Name
001 - CONTROL NUMBER
- control field: 6587
003 - CONTROL NUMBER IDENTIFIER
- control field: JO-AjAnu
005 - DATE AND TIME OF LATEST TRANSACTION
- control field: 20230606071352.0
008 - FIXED-LENGTH DATA ELEMENTS
- fixed length control field: 230606|| aca||aabn | a|a d
040 ## - CATALOGING SOURCE
- Original cataloging agency: JO-AjAnu
- Transcribing agency: JO-AjAnu
100 ## - HEADING--PERSONAL NAME
- Personal name: Sahar, Ahmad, Craig Clayton
670 ## - SOURCE DATA FOUND
- Source citation: Work cat.: (JO-AjAnu)3414: Sahar, Ahmad, Craig Clayton, author, iOS 15 Programming for Beginners: Kickstart your mobile app development journey by building iOS apps with Swift 5.5 and Xcode 13